000 01003cam a2200265 4500
002 ##2330
008 090401t1997 xxu||||| |||| 00| 0 eng d
020 _a0854068554
035 _a(Sirsi) u83059
041 0 _aeng
050 0 4 _a333.337 $2 18
110 2 _aRoyal Institution of Chartered Surveyors
_94900
245 0 0 _aCommercial property management agreements
_ban information paper
260 _aLondon
_bRICS
_c1997
300 _a10p.
_c30cm.
350 _a6.50
490 0 _aRICS Conditions of Engagement
490 0 _aRICS Information Paper
520 _aAssists both clients and agents develop their own form of agreement for property management instructions.
651 4 _aEngland and Wales
_y1543-
690 _aPROPERTY-COMMERCIAL PROPERTY-COMMERCIAL PROPERTY MANAGEMENT
856 4 0 _uhttps://www.rics.org/Global/Downloads/CommercialPropertyMaangementAgreementsAnInformationPaper1997.pdf
_zView this item (member-only access) at www.rics.org
942 _n0
948 _c13/01/1998
999 _c96863
_d96863